DESIGN OF REINFORCED CONCRETE STRUCTURE. (Record no. 14656)

MARC details
000 -LEADER
fixed length control field 00361nam a22001457a 4500
003 - CONTROL NUMBER IDENTIFIER
control field SGT
020 ## - INTERNATIONAL STANDARD BOOK NUMBER
International Standard Book Number 978-0-19-808694-9
082 ## - DEWEY DECIMAL CLASSIFICATION NUMBER
Classification number 624.18341
Item number SUB
100 ## - MAIN ENTRY--PERSONAL NAME
Personal name SUBRAMANIAN,N
245 ## - TITLE STATEMENT
Title DESIGN OF REINFORCED CONCRETE STRUCTURE.
260 ## - PUBLICATION, DISTRIBUTION, ETC. (IMPRINT)
Place of publication, distribution, etc NEW DELHI
Name of publisher, distributor, etc OXFORD UNIVERSITY PRESS
Year of Publication 2016
300 ## - PAGE DESCRIPTION
No. of Pages 857
650 ## - SUBJECT ADDED ENTRY--TOPICAL TERM
Topical term or geographic name as entry element CIVIL ENGINEERING
942 ## - ADDED ENTRY ELEMENTS (KOHA)
Source of classification or shelving scheme Dewey Decimal Classification
Koha item type Books
942 ## - ADDED ENTRY ELEMENTS (KOHA)
-- 2
Holdings
Withdrawn status Lost status Source of classification or shelving scheme Damaged status Not for loan Collection code Home library Current library Shelving location Date acquired Vendor Name Cost, normal purchase price SGTU Bill Number Total Checkouts Full call number Accession No. (Barcode) Date last seen Date last borrowed Bill Date Koha item type
    Dewey Decimal Classification     ENGINEERING SGT Engineering Library SGT Engineering Library Text Book 20/01/2018 KIRTI PRAKASHAN (NEW DELHI ) 775.00 SGTU IN1297 7 624.18341 SUB FE7038 07/12/2019 29/11/2019   Books
    Dewey Decimal Classification     ENGINEERING SGT Engineering Library SGT Engineering Library Text Book 20/01/2018 KIRTI PRAKASHAN (NEW DELHI ) 775.00 SGTU IN1297 8 624.18341 SUB FE7039 06/11/2025 30/09/2025   Books